000 00379nam a22001457a 4500
003 OSt
005 20160727222523.0
008 160709b xxu||||| |||| 00| 0 eng d
040 _cTEST
100 _92499
_a Sinha, N
245 _aMystery of the Falling Mountains
260 _aN.D
_b Children Books Trust
_c2004
300 _aMystery of the Falling Mountains
942 _2ddc
_cBK
999 _c2166
_d2166